Super Smash Bros. All Characters - Statistics

General Stats
  • This quiz has been taken 35 times
    26 since last reset
  • The average score is 40 of 90
Answer Stats
Character % Correct
Donkey Kong
100%
Mario
100%
Link
85%
Samus
85%
Bowser
69%
Captain Falcon
69%
Daisy
69%
Dark Samus
69%
Fox
69%
Ice Climbers
69%
Jigglypuff
69%
Kirby
69%
Luigi
69%
Ness
69%
Peach
69%
Pikachu
69%
Sheik
69%
Yoshi
69%
Zelda
69%
Dr. Mario
62%
Falco
62%
Lucina
62%
Marth
62%
Pichu
62%
Chrom
54%
Dark Pit
54%
Ganondorf
54%
Meta Knight
54%
Mewtwo
54%
Mr. Game and Watch
54%
Pit
54%
Roy
54%
Wario
54%
Young Link
54%
Zero Suit Samus
54%
Ike
46%
King Dedede
46%
Snake
46%
Sonic
46%
Toon Link
46%
Charizard
38%
Diddy Kong
38%
Ivysaur
38%
Little Mac
38%
Lucario
38%
Lucas
38%
Mega Man
38%
Olimar
38%
Pokemon Trainer
38%
R.O.B.
38%
Rosalina and Luma
38%
Squirtle
38%
Villager
38%
Wii Fit Trainer
38%
Wolf
38%
Mii Brawler
31%
Mii Gunner
31%
Mii Swordfighter
31%
Palutena
31%
Banjo and Kazooie
23%
Bayonetta
23%
Bowser Jr.
23%
Byleth
23%
Cloud
23%
Corrin
23%
Duck Hunt
23%
Greninja
23%
Hero
23%
Incineroar
23%
Inkling
23%
Isabelle
23%
Joker
23%
Kazuya
23%
Ken
23%
King K. Rool
23%
Min Min
23%
Mythra
23%
Pac-Man
23%
Piranha Plant
23%
Pyra
23%
Richter
23%
Ridley
23%
Robin
23%
Ryu
23%
Sephiroth
23%
Shulk
23%
Simon
23%
Sora
23%
Steve
23%
Terry
23%
No matching quizzes found
Score Distribution
Percent of People with Each Score
Percentile by Number Answered
Your Score History
You have not taken this quiz since the last reset